Laboratorio convertidor Buck DC-DC 5V
Guardado en:
| 主要作者: | |
|---|---|
| 格式: | 圖書 |
| 出版: |
[San José, Costa Rica]
2007
|
| 主題: | |
| 標簽: |
添加標簽
沒有標簽, 成為第一個標記此記錄!
|
MARC
| LEADER | 00000nam a2200000Ia 4500 | ||
|---|---|---|---|
| 003 | 010377 | ||
| 005 | 20221231144056.0 | ||
| 008 | 140114s2007 cr a 000 ||s d | ||
| 040 | |c cru CEDI | ||
| 090 | |a TFG 5741 | ||
| 100 | |a Acuña Quirós, Pablo José |9 2934 | ||
| 245 | |a Laboratorio convertidor Buck DC-DC 5V | ||
| 260 | |c 2007 |b [San José, Costa Rica] | ||
| 300 | |a x, 102, [22] hojas; ilustraciones (algunas a color) | ||
| 500 | |a Proyecto de graduación (bachillerato en ingeniería eléctrica)--Universidad de Costa Rica. Facultad de Ingeniería. Escuela de Ingeniería Eléctrica | ||
| 650 | |x CONVERTIDORES DE CORRIENTE ELECTRICA |x DINAMOS |x REGULADORES DE VOLTAJE |x INGENIERÍA ELÉCTRICA |9 4165 | ||
| 942 | |c TFG | ||
| 999 | |c 16518 |d 16518 | ||
